The ULTIMATE Greek Mythology Quiz - Statistics

General Stats
  • This quiz has been taken 358 times
  • The average score is 60 of 140
Answer Stats
Hint Answer % Correct
Major Gods King of the gods, God of the Sky Zeus
99%
Major Gods God of the Sea Poseidon
97%
Major Gods God of War Ares
95%
Major Gods God of Poetry, Music, and the Sun Apollo
94%
Major Gods Goddess of the Hunt and the Moon Artemis
93%
Major Gods Goddess of Marriage Hera
93%
Major Gods Goddess of Fertility and Beauty Aphrodite
92%
Major Gods God of the Underworld Hades
91%
Major Gods Goddess of Wisdom Athena
89%
Major Gods God of Wine Dionysus
89%
Major Gods God of travelers and thieves, the messenger of the gods Hermes
89%
Major Gods Goddess of Agriculture Demeter
85%
Major Gods God of Blacksmiths and Fire Hephaestus
83%
Major Gods Goddess of the Hearth Hestia
82%
Important Figures Gorgon who turned people to stone Medusa
75%
Important Figures Invincible, except for his heel Achilles
74%
Minor Gods Goddess of Victory Nike
73%
Important Figures He flew too close to the sun Icarus
72%
Minor Gods The 9 Goddesses of the Arts The muses
72%
Primordial Deities Personification of the Earth Gaia
70%
Important Figures Immortal Winged Horse Pegasus
70%
Creatures and Monsters Half-Man Half Horse Creatures Centaurs
69%
Important Figures Three Headed Dog in the Underworld Cerberus
69%
Creatures and Monsters Large, single eyed Monsters Cyclopes
68%
Important Figures Abducted by Troy, her face launched 1000 ships Helen of Troy
68%
Minor Gods God of the Wild Pan
68%
Important Figures Hero who slayed above Perseus
68%
Minor Gods God of Sleep Hypnos
67%
Creatures and Monsters Half-Man Half Bull Creature Minotaur
67%
Primordial Deities Personification of the Night Nyx
67%
Minor Gods Goddess of the Rainbow Iris
66%
Important Figures Captain of the Argo, recovered the Golden Fleece Jason
66%
Creatures and Monsters Monsters who appeared as women with Snakes for hair Gorgons
64%
Important Figures The greatest of Greek heroes, Completed 12 tasks Heracles
64%
Creatures and Monsters Half-Woman, half bird Monsters whose singing led sailors to their doom Sirens
64%
Minor Gods The 3 goddesses of Destiny The Fates
63%
Minor Gods Goddess of Discord Eris
62%
Primordial Deities Personification of the Sky Ouranos
62%
Titans Titan of Time Cronus
60%
Primordial Deities Personification of Love Eros
60%
Creatures and Monsters Many headed monster Hydra
60%
Important Figures Kidnapped above, prince of Troy Paris
60%
Minor Gods Goddess of Spring Persephone
60%
Important Figures Wise Centaur, tutor of Heroes Chiron
59%
Minor Gods Goddess of Magic Hecate
58%
Important Figures King of Ithaca, fought in the Trojan War Odysseus
58%
Creatures and Monsters Half-Man Half Goat Creatures Satyrs
58%
Important Figures Condemned to roll a boulder up ahill eternally Sisyphus
58%
Important Figures Creator of the Labyrinth Daedalus
57%
Important Figures Stared into a pool of water until he died Narcissus
57%
Minor Gods Goddess of Revenge Nemesis
57%
Important Figures Sea monster who ate sailors from a cliff Scylla
57%
Important Figures Musician who traveled to the underworld Orpheus
56%
Important Figures Greatest hero of Troy during the Trojan War Hector
55%
Primordial Deities Personification of Death Thanatos
55%
Important Figures Escaped the Labyrinth Theseus
55%
Important Figures Ferryman of souls to the underworld Charon
53%
Important Figures King of Crete and Judge of the Dead Minos
53%
Important Figures Wife of above Penelope
52%
Primordial Deities Personification of the Pit Tartarus
52%
Minor Gods The 3 goddesses of Vengeance The Furies
52%
Primordial Deities Personification of the Void Chaos
51%
Titans Titan of the Sun Helios
51%
Minor Gods God of Medicine Asclepius
50%
Important Figures Sea monster, often depicted as a whirlpool Charybdis
50%
Creatures and Monsters Creature with a woman's head and body with a bird's wings Harpy
49%
Creatures and Monsters Monster with the head and body of a lion, the head of a goat, and the tail of a serpent Chimera
47%
Titans Titaness of the Moon Selene
47%
Titans Titan of the Ocean Oceanus
46%
Important Figures Maiden chained to a rock and savedby the above hero Andromeda
45%
Creatures and Monsters Creature with the head and wings of an eagle and the body of a lion Griffin
44%
Minor Gods Goddess of Youth Hebe
44%
Titans Titaness of Motherhood Rhea
44%
Minor Gods God of Dreams Morpheus
43%
Creatures and Monsters Creature with the head of a Woman, the body of a Lion, and the wings of an Eagle Sphinx
43%
Important Figures Fed his son to the Gods, given the eternal punishment of always being next to a lake he couldn't drink from and a fruit tree he couldn't reach Tantalus
40%
Important Figures Daughter of the King of Crete, helpedthe above hero escape the labyrinth Ariadne
39%
Important Figures Mortal king of Mycenae in the Trojan War Agamemnon
38%
Minor Gods God of the Winds Aeolus
37%
Important Figures Father of Above, King of Troy Priam
37%
Important Figures Founder of Rome Aeneas
36%
Important Figures Hero who rode above Bellerophon
36%
Titans Titaness of Dawn Eos
35%
Important Figures Mother of many Monsters Echidna
33%
Important Figures Cupbearer of the Gods Ganymede
33%
Minor Gods God of the North Wind Boreas
32%
Titans Titan of Forethought Prometheus
31%
Creatures and Monsters Female Tree Spirit Dryad
29%
Important Figures Member of the Argonauts, covered with eyes Argus
26%
Minor Gods God of the West Wind Zephyrus
26%
Creatures and Monsters Snakes that kill anyone who lays eyes on them Basilisk
25%
Titans Titan of Light Hyperion
25%
Minor Gods Goddess of Fortune Tyche
25%
Important Figures Often considered as the worst monster, had the torso of a human and legs made of serpents. Often associated with volcanic activity. Typhon
25%
Primordial Deities Personification of Darkness Erebus
23%
Primordial Deities Personification of the Day Hemera
21%
Titans Titaness of Memory Mnemosyne
21%
Titans Titan of Strength Atlas
20%
Creatures and Monsters Creature with the torso of a horse and lower half of a fish Hippocampus
19%
Titans Titaness of Justice Themis
19%
Titans Titan of Afterthought Epimetheus
18%
Creatures and Monsters Creature with the body of a lion, the head of a human, and the tail of a scorpion Manticore
16%
Creatures and Monsters Monster with 100 arms and 50 heads Hecatoncheires
14%
Titans Titan of Mortality Iapetus
13%
Minor Gods Goddess of Sea Monsters Keto
13%
Important Figures Guardian of the Golden Apples Ladon
13%
Primordial Deities Personification of the Sea Pontus
13%
Giants Bane of Zeus Porphyrion
13%
Primordial Deities Personification of the Upper Sky Aether
12%
Creatures and Monsters Shape-shifting female being withone copper leg Empousa
12%
Giants Banes of Dionysus (Name one) Otis/Ephialtes
12%
Titans Titan of Intelligence Coeus
11%
Minor Gods Goddess of Childbirth Eileithyia
11%
Giants Bane of Athena Enceladus
11%
Minor Gods God of the South Wind Notos
11%
Giants Bane of Poseidon Polybotes
11%
Titans Titan of Constellations Crius
10%
Minor Gods God of the East Wind Eurus
10%
Giants Bane of Apollo and Artemis Orion
10%
Giants Bane of Hades Alcyoneus
9%
Giants Bane of Ares Damasen
9%
Creatures and Monsters Giant, Serpent like Monster, occasionally depicted with wings or many heads Drakon
9%
Titans Titaness of Sight Theia
9%
Primordial Deities Personification of Misery Achlys
8%
Giants Bane of Hecate Clytius
8%
Important Figures Argonaut, Leader of the Calydonian Boar hunt Meleager
8%
Giants Bane of Hephaestus Mimas
8%
Creatures and Monsters Birds with razor sharp beaks Stymphalian birds
8%
Titans Titaness of Freshwater Tethys
8%
Titans Titan of Dusk Astraeus
7%
Titans Titaness of Demure Leto
7%
Titans Titaness of Intellect Phoebe
7%
Giants Bane of the Fates Thoon
7%
Giants Bane of Hermes Hippolytos
6%
Giants Bane of Aphrodite Periboia
6%
Titans Titan of Destruction Perses
6%
Titans Titan of Anger Menoetius
5%
Titans Titan of Battle Pallas
5%
Titans Titan of Air Lelantos
4%
Creatures and Monsters Creature with the torso of a woman and the lower half of a dragon Dracaenae
3%
No matching quizzes found
Score Distribution
Percent of People with Each Score
Percentile by Number Answered
Your Score History
You have not taken this quiz